000 00558nam a22002297a 4500
003 UA-OsUOA
001 52061
007 ta
008 20080129b un ||||| |||| 00| 0 ukr d
100 _aСиминоженко В.
700 _aГеєць В.
090 _a32
_bС-37
942 _cSA
040 _aUA-OsUOA
_bukr
_cUA-OsUOA
_dUA-OsUOA
245 _aУкраїна -2015: не втратити своє майбутнє.
300 _aС.4
955 _a0
041 _aukr
080 _a32
773 0 _w52057
650 7 _a32 Політика
_2UDC
999 _c338155
_d338155